Efeta - otvor sa vedecko-odborný časopis o komplexnej rehabilitácii ľudí s postihnutím

Bibliographic Details
Other Authors: Lechta, Viktor, 1948- (Publishing director)
Format: Journal
Language:Slovak
Czech
PhysicalDescription:25 zv. ilustr. 24 -30 cm
Od r. 2016 vychádza online
Published: Bratislava Slovenské pedagogické nakladateľstvo 1991-2015
Bratislava Invocentrum
Martin Osveta
Bratislava EMITplus
ISSN:1335-1397
Subjects:
Online Access:http://www.efeta.sk/content/show/1001?lang=1

MARC

LEADER 00000cas a2200000 a 4500
001 vtls001479140
003 SK-MaSNL
005 20260228162106.0
008 040722d19912015xo qr p 0 0b0slo
022 |a 1335-1397 
035 |a SNK000434438 
035 |a (SVKBB03)vtls000037163 
040 |a SNK  |b slo  |c SNK  |d SVKBB  |d SAVUK  |e AACR2 
041 1 |a slo  |a cze  |b ger  |b eng 
044 |a xo  |c SK 
072 7 |a 316.3  |x Globálne spoločnosti. Sociálna štruktúra. Sociálne skupiny  |2 konspekt 
072 7 |a 376  |x Výchova a vzdelávanie zvláštnych skupín osôb  |2 konspekt 
080 |a 050  |2 2001 
080 |a 316.344.6-056.29/.3  |2 2001 
080 |a 376  |2 2001 
080 |a (051)-027.561  |2 2011 
210 0 |a Efeta-otvor sa 
222 0 |a Efeta-otvor sa 
245 0 0 |a Efeta - otvor sa  |b vedecko-odborný časopis o komplexnej rehabilitácii ľudí s postihnutím 
247 0 1 |a Efeta - otvor sa  |b časopis pre postihnutých a ľudí, ktorí im chcú pomáhať  |f 1991-1998 
247 0 1 |a Efeta - otvor sa  |b odborný časopis pre komplexnú rehabilitáciu ľudí s postihnutím  |f 1999-2000 
260 |a Bratislava  |b Slovenské pedagogické nakladateľstvo  |c 1991-2015 
260 2 |3 1994-1995  |a Bratislava  |b Invocentrum 
260 2 |3 1996-  |a Martin  |b Osveta 
260 3 |3 2010-2015  |a Bratislava  |b EMITplus 
300 |a 25 zv.  |b ilustr.  |c 24 -30 cm 
310 |a 4x ročne 
362 0 |a Roč. 1, č. 1 (1991) - roč. 25, č. 1 (2015) 
500 |a Šéfredaktor: 199?-2015, Viktor Lechta 
500 |a Reg. číslo.: MK SR 354/91 
500 |a Evidenčné číslo MK SR: EV 316/08 
500 |a Bibliografia r. 1991-2000 publikovaná v ročenke časopisu Efeta 2001 
500 |a Bibliografia r. 2001-2010 publikovaná v ročenke časopisu Efeta 2011 
500 |a Od r. 2010 výška formátu 24 cm 
504 |a Bibliogr. odkazy 
515 |a Č. 2,3,4 z r. 2015 vyšli len v elektronickej podobe 
530 |a Od r. 2016 vychádza online 
546 |a Čiast. text čes. ; res. nem. a angl. 
550 |a Vydáva: Spoločnosť pre špeciálnu a liečebnú výchovu v SR 
650 0 7 |a zdravotne postihnuté osoby  |2 SNKPH  |9 1249 
650 0 7 |a špeciálna pedagogika  |2 SNKPH  |9 958 
650 0 7 |a Handicapped persons  |2 SNKPHeng  |9 268369 
650 0 7 |a Special education  |2 SNKPHeng  |9 266101 
655 7 |a odborné časopisy  |2 SNKPH  |9 70505 
655 7 |a Professional journals  |2 SNKPHeng  |9 265007 
700 1 |a Lechta, Viktor,  |d 1948-  |4 pbd  |9 204822 
710 2 |a Spoločnosť pre špeciálnu a liečebnú výchovu v SR (Bratislava, slovensko)  |4 pbl  |9 270342 
852 |a Štátna vedecká knižnica v Banskej Bystrici 
856 4 1 |u http://www.efeta.sk/content/show/1001?lang=1 
910 |a snk 
910 |a savuk 
916 |a 1991-2014, 2015 
999 |c 6782  |d 8712 
952 |0 0  |1 0  |4 0  |7 0  |8 0  |a SNK  |b SNK  |d 1997-03-13  |l 0  |o snkČSB 4123/1/1991 D1  |p 17A0056453  |r 2005-01-02 00:00:00  |t č. 1-4  |w 2026-02-21  |y PREZ 
952 |0 0  |1 0  |4 0  |7 0  |8 0  |a SNK  |b SNK  |d 1999-03-30  |f 1  |i snkČSP 303/93  |l 0  |o snkČSB 4123/1/1991  |p 17A0188476  |r 2005-01-02 00:00:00  |t č. 1-4  |w 2026-02-21  |y PREZ 
952 |0 0  |1 0  |4 0  |7 0  |8 0  |a SNK  |b SNK  |d 2003-10-17  |i snkČSP 630/2003  |l 0  |o snkČSB 4123/9/1999 D1  |p 17A0400515  |r 2005-01-02 00:00:00  |t č. 1-4  |w 2026-02-21  |y PREZ 
952 |0 0  |1 0  |4 0  |7 0  |8 0  |a SNK  |b SNK  |d 1999-10-26  |f 1  |i snkČSP 852/99  |l 0  |o snkČSB 4123/5/1995  |p 17A0215747  |r 2005-01-02 00:00:00  |t č. 1-4  |w 2026-02-21  |y PREZ 
952 |0 0  |1 0  |4 0  |7 0  |8 0  |a SNK  |b SNK  |d 1999-12-03  |l 0  |o snkČSB 4123/5/1995/D1  |p 17A0220562  |r 2005-01-02 00:00:00  |t č. 1-4  |w 2026-02-21  |y PREZ 
952 |0 0  |1 0  |4 0  |7 0  |8 0  |a SNK  |b SNK  |d 1999-10-26  |f 1  |i snkČSP 854/99  |l 0  |o snkČSB 4123/6/1996  |p 17A0215748  |r 2005-01-02 00:00:00  |t č. 1-4  |w 2026-02-21  |y PREZ 
952 |0 0  |1 0  |4 0  |7 0  |8 0  |a SNK  |b SNK  |d 1999-12-03  |l 0  |o snkČSB 4123/6/1996/D1  |p 17A0220586  |r 2005-01-02 00:00:00  |t č. 1-4  |w 2026-02-21  |y PREZ 
952 |0 0  |1 0  |4 0  |7 0  |8 0  |a SNK  |b SNK  |d 1999-10-26  |f 1  |i snkČSP 850/99  |l 0  |o snkČSB 4123/4/1994  |p 17A0215746  |r 2005-01-02 00:00:00  |t č. 1-4  |w 2026-02-21  |y PREZ 
952 |0 0  |1 0  |4 0  |7 0  |8 0  |a SNK  |b SNK  |d 1999-12-03  |l 0  |o snkČSB 4123/4/1994/D1  |p 17A0220592  |r 2005-01-02 00:00:00  |t č. 1-4  |w 2026-02-21  |y PREZ 
952 |0 0  |1 0  |4 0  |7 0  |8 0  |a SNK  |b SNK  |d 1999-10-26  |f 1  |i snkČSP 5643/94  |l 0  |o snkČSB 4123/3/1993  |p 17A0215999  |r 2005-01-02 00:00:00  |t č. 1-4  |w 2026-02-21  |y PREZ 
952 |0 0  |1 0  |4 0  |7 0  |a SNK  |b SNK  |d 2005-05-26  |i snkČSP 1174/2003  |l 0  |o snkČSB 4123/10/2000 D1  |p 17A0469694  |r 2026-02-21 19:41:18  |t č. 1-4  |w 2026-02-21  |y PREZ 
952 |0 0  |1 0  |4 0  |7 0  |8 0  |a SNK  |b SNK  |d 2006-04-04  |i snk2006/7063  |l 0  |o snkČSB 4123/7/1997 D1  |p 17A0463342  |r 2026-02-21 19:50:02  |t č. 1-4  |w 2026-02-21  |y PREZ  |z Č. 3,4 sú xerokópia 
952 |0 0  |1 0  |4 0  |7 0  |8 0  |a SNK  |b SNK  |d 2006-04-04  |f 1  |i snk2006/7062  |l 0  |o snkČSB 4123/7/1997  |p 17A0463341  |r 2026-02-21 20:14:41  |t č. 1-4  |w 2026-02-21  |y PREZ 
952 |0 0  |1 0  |4 0  |7 0  |8 0  |a SNK  |b SNK  |d 2008-02-12  |i snk2008/3401  |l 0  |o snkČSB 4123/14/2004 D1  |p 17A0563895  |r 2026-02-21 20:14:52  |t č. 1-4  |w 2026-02-21  |y PREZ 
952 |0 0  |1 0  |4 0  |7 0  |8 0  |a SNK  |b SNK  |d 2014-11-26  |i snk2014/26109  |l 0  |o snkČSB 4123/22/2012 D1  |p 17A0870702  |r 2026-02-21 20:20:56  |t č. 1-4  |w 2026-02-21  |y PREZ 
952 |0 0  |1 0  |4 0  |7 0  |8 0  |a SNK  |b SNK  |d 2008-02-12  |f 1  |i snk2008/3399  |l 0  |o snkČSB 4123/14/2004  |p 17A0563894  |r 2026-02-21 20:29:04  |t č. 1-4  |w 2026-02-21  |y PREZ 
952 |0 0  |1 0  |4 0  |7 0  |8 0  |a SNK  |b SNK  |d 2008-02-12  |f 1  |i snk2008/3395  |l 0  |o snkČSB 4123/11/2001  |p 17A0563890  |r 2026-02-21 20:39:04  |t č. 1-4 + jubilej. č.  |w 2026-02-21  |y PREZ 
952 |0 0  |1 0  |4 0  |7 0  |8 0  |a SNK  |b SNK  |d 2008-02-12  |i snk2008/3396  |l 0  |o snkČSB 4123/11/2001 D1  |p 17A0563891  |r 2026-02-21 20:39:06  |t č. 1-4 + jubilej. č.  |w 2026-02-21  |y PREZ 
952 |0 0  |1 0  |4 0  |7 0  |8 0  |a SNK  |b SNK  |d 2008-02-12  |f 1  |i snk2008/3397  |l 0  |o snkČSB 4123/13/2003  |p 17A0563892  |r 2026-02-21 20:39:06  |t č. 1-4  |w 2026-02-21  |y PREZ 
952 |0 0  |1 0  |4 0  |7 0  |8 0  |a SNK  |b SNK  |d 2008-02-12  |i snk2008/3398  |l 0  |o snkČSB 4123/13/2003 D1  |p 17A0563893  |r 2026-02-21 20:39:06  |t č. 1-4  |w 2026-02-21  |y PREZ 
952 |0 0  |1 0  |4 0  |7 0  |8 0  |a SNK  |b SNK  |d 2008-02-12  |f 1  |i snk2008/3402  |l 0  |o snkČSB 4123/15/2005  |p 17A0563896  |r 2026-02-21 20:39:06  |t č. 1-4  |w 2026-02-21  |y PREZ 
952 |0 0  |1 0  |4 0  |7 0  |8 0  |a SNK  |b SNK  |d 2008-02-12  |i snk2008/3404  |l 0  |o snkČSB 4123/15/2005 D1  |p 17A0563897  |r 2026-02-21 20:39:06  |t č. 1-4  |w 2026-02-21  |y PREZ 
952 |0 0  |1 0  |4 0  |7 0  |8 0  |a SNK  |b SNK  |d 2006-02-03  |f 1  |i snk2006/2217  |l 0  |o snkČSB 4123/8/1998  |p 17A0488172  |r 2026-02-21 21:10:47  |t č. 1-4  |w 2026-02-21  |y PREZ 
952 |0 0  |1 0  |4 0  |7 0  |8 0  |a SNK  |b SNK  |d 2006-02-03  |i snk2006/2218  |l 0  |o snkČSB 4123/8/1998 D1  |p 17A0488173  |r 2026-02-21 21:10:47  |t č. 1-4  |w 2026-02-21  |y PREZ 
952 |0 0  |1 0  |4 0  |7 0  |8 0  |a SNK  |b SNK  |d 2015-05-27  |f 1  |i snk2015/16809  |l 0  |o snkČSB 4123/23/2013  |p 17A1144090  |r 2026-02-21 21:34:52  |t č. 1-4  |w 2026-02-21  |y PREZ 
952 |0 0  |1 0  |4 0  |7 0  |8 0  |a SNK  |b SNK  |d 2015-05-27  |i snk2015/16811  |l 0  |o snkČSB 4123/23/2013 D1  |p 17A1144089  |r 2026-02-21 21:34:52  |t č. 1-4, neúplné  |w 2026-02-21  |y PREZ  |z chýba č. 4 
952 |0 0  |1 0  |4 0  |7 0  |8 0  |a SNK  |b SNK  |d 2015-05-27  |f 1  |i snk2015/16813  |l 0  |o snkČSB 4123/24/2014  |p 17A1144088  |r 2026-02-21 21:34:53  |t č. 1-4  |w 2026-02-21  |y PREZ 
952 |0 0  |1 0  |4 0  |7 0  |a SNK  |b SNK  |d 1997-03-13  |l 0  |o snkČSB 4123/3/1993 D1  |p 17A0056455  |r 2005-01-01 00:00:00  |t č. 1-4  |w 2026-02-21  |y PREZ 
952 |0 0  |1 0  |4 0  |7 0  |a SNK  |b SNK  |d 1997-01-14  |f 1  |i snkČSP 3422/93  |l 0  |o snkČSB 4123/2/1992  |p 17A0031140  |r 2005-01-01 00:00:00  |t č. 1-4  |w 2026-02-21  |y PREZ 
952 |0 0  |1 0  |4 0  |7 0  |a SNK  |b SNK  |d 1997-03-13  |l 0  |o snkČSB 4123/2/1992 D1  |p 17A0056454  |r 2005-01-01 00:00:00  |t č. 1-4  |w 2026-02-21  |y PREZ 
952 |0 0  |1 0  |4 0  |7 0  |a SNK  |b SNK  |d 2003-07-04  |f 1  |i snkČSP 1173/2003  |l 0  |o snkČSB 4123/10/2000  |p 17A0386930  |r 2005-01-02 00:00:00  |t č. 1-4  |w 2026-02-21  |y PREZ  |z č. 1-4 
952 |0 0  |1 0  |4 0  |7 0  |a SNK  |b SNK  |d 2003-07-04  |f 1  |i snkČSP 629/2003  |l 0  |o snkČSB 4123/9/1999   |p 17A0388264  |r 2005-01-02 00:00:00  |t č. 1-4  |w 2026-02-21  |y PREZ  |z č. 1-4 
952 |0 0  |1 0  |4 0  |7 0  |8 0  |a SNK  |b SNK  |d 2013-11-13  |f 1  |i snk2013/27661  |l 0  |o snkČSB 4123/12/2002  |p 17A0867381  |r 2026-02-21 21:43:33  |t č. 1-4  |w 2026-02-21  |y PREZ 
952 |0 0  |1 0  |4 0  |7 0  |8 0  |a SNK  |b SNK  |d 2013-11-13  |i snk2013/27662  |l 0  |o snkČSB 4123/12/2002 D1  |p 17A0867382  |r 2026-02-21 21:43:33  |t č. 1-4, neúplný  |w 2026-02-21  |y PREZ  |z chýba č. 2 
952 |0 0  |1 0  |4 0  |7 0  |8 0  |a SNK  |b SNK  |d 2013-11-13  |f 1  |i snk2013/27663  |l 0  |o snkČSB 4123/16/2006  |p 17A0867383  |r 2026-02-21 21:43:33  |t č. 1-4  |w 2026-02-21  |y PREZ 
952 |0 0  |1 0  |4 0  |7 0  |8 0  |a SNK  |b SNK  |d 2013-11-13  |i snk2013/27664  |l 0  |o snkČSB 4123/16/2006 D1  |p 17A0867384  |r 2026-02-21 21:43:33  |t č. 1-4  |w 2026-02-21  |y PREZ 
952 |0 0  |1 0  |4 0  |7 0  |8 0  |a SNK  |b SNK  |d 2013-11-13  |f 1  |i snk2013/27665  |l 0  |o snkČSB 4123/17/2007  |p 17A0867385  |r 2026-02-21 21:43:34  |t č. 1-4  |w 2026-02-21  |y PREZ 
952 |0 0  |1 0  |4 0  |7 0  |8 0  |a SNK  |b SNK  |d 2013-11-13  |i snk2013/27666  |l 0  |o snkČSB 4123/17/2007 D1  |p 17A0867386  |r 2026-02-21 21:43:34  |t č. 1-4  |w 2026-02-21  |y PREZ 
952 |0 0  |1 0  |4 0  |7 0  |8 0  |a SNK  |b SNK  |d 2013-11-13  |f 1  |i snk2013/27667  |l 0  |o snkČSB 4123/18/2008  |p 17A0867387  |r 2026-02-21 21:43:34  |t č. 1-4  |w 2026-02-21  |y PREZ 
952 |0 0  |1 0  |4 0  |7 0  |8 0  |a SNK  |b SNK  |d 2013-11-13  |i snk2013/27668  |l 0  |o snkČSB 4123/18/2008 D1  |p 17A0867388  |r 2026-02-21 21:43:34  |t č. 1-4  |w 2026-02-21  |y PREZ 
952 |0 0  |1 0  |4 0  |7 0  |8 0  |a SNK  |b SNK  |d 2013-11-13  |f 1  |i snk2013/27669  |l 0  |o snkČSB 4123/19/2009  |p 17A0867389  |r 2026-02-21 21:43:34  |t č. 1-4  |w 2026-02-21  |y PREZ 
952 |0 0  |1 0  |4 0  |7 0  |8 0  |a SNK  |b SNK  |d 2013-11-13  |i snk2013/27670  |l 0  |o snkČSB 4123/19/2009 D1  |p 17A0867390  |r 2026-02-21 21:43:34  |t č. 1-4  |w 2026-02-21  |y PREZ 
952 |0 0  |1 0  |4 0  |7 0  |8 0  |a SNK  |b SNK  |d 2013-11-13  |f 1  |i snk2013/27671  |l 0  |o snkČSB 4123/20/2010  |p 17A0867391  |r 2026-02-21 21:43:34  |t č. 1-4  |w 2026-02-21  |y PREZ 
952 |0 0  |1 0  |4 0  |7 0  |8 0  |a SNK  |b SNK  |d 2013-11-13  |i snk2013/27672  |l 0  |o snkČSB 4123/20/2010 D1  |p 17A0867392  |r 2026-02-21 21:43:34  |t č. 1-4  |w 2026-02-21  |y PREZ 
952 |0 0  |1 0  |4 0  |7 0  |8 0  |a SNK  |b SNK  |d 2013-11-13  |f 1  |i snk2013/27673  |l 0  |o snkČSB 4123/21/2011  |p 17A0867393  |r 2026-02-21 21:43:34  |t č. 1-4, neúplné  |w 2026-02-21  |y PREZ  |z chýba č. 2, 4 
952 |0 0  |1 0  |4 0  |7 0  |8 0  |a SNK  |b SNK  |d 2013-11-13  |i snk2013/27674  |l 0  |o snkČSB 4123/21/2011 D1  |p 17A0867394  |r 2026-02-21 21:43:34  |t č. 1-4, neúplný  |w 2026-02-21  |y PREZ  |z chýba č. 2, 4 
952 |0 0  |1 0  |4 0  |7 0  |8 0  |a SNK  |b SNK  |d 2013-11-13  |f 1  |i snk2013/27675  |l 0  |o snkČSB 4123/22/2012  |p 17A0867395  |r 2026-02-21 21:43:34  |t č. 1-4  |w 2026-02-21  |y PREZ 
952 |0 0  |1 0  |4 0  |7 0  |8 0  |a SNK  |b SNK  |d 2016-08-08  |f 1  |i snk2016/18783  |l 0  |o snkČSB 4123/25/2015  |p 17A1202516  |r 2026-02-21 21:54:47  |t č. 1  |w 2026-02-21  |y PREZ 
952 |0 0  |1 0  |4 0  |7 0  |8 0  |a SNK  |b SNK  |d 2016-08-08  |i snk2016/18787  |l 0  |o snkČSB 4123/24/2014 D1  |p 17A1202517  |r 2026-02-21 21:54:47  |t č. 1-4  |w 2026-02-21  |y PREZ 
952 |0 0  |1 0  |4 0  |7 0  |8 0  |a SNK  |b SNK  |d 2017-11-23  |i snk2017/25882  |l 0  |o snkČSB 4123/25/2015 D1  |p 17A1265460  |r 2026-02-21 22:12:23  |t č. 1  |w 2026-02-21  |y PREZ